GP von Australien (2025) - Ergebnisse - Statistiken

Allgemein
  • Dieses Quiz wurde 185 mal gespielt
  • Das Durchschnittsergebnis liegt bei 8 aus 10
Antwortstatistiken
Position Punkte Fahrer % Korrekt
1 25 Lando Norris
99%
2 18 Max Verstappen
99%
10 1 Lewis Hamilton
94%
8 4 Charles Leclerc
92%
9 2 Oscar Piastri
91%
4 12 Andrea Kimi Antonelli
85%
3 15 George Russell
81%
7 6 Nico Hulkenberg
81%
6 8 Lance Stroll
63%
5 10 Alexander Albon
61%
Keine übereinstimmenden Quizze gefunden
Verteilung der Resultate
Anzahl Personen mit jedem Resultat
Perzentil nach korrekt beantworteten Fragen
Ihre Resultats-Entwicklung
Sie haben dieses Quiz noch nicht gespielt